Normal view
MARC view
Entry Personal Name
001 - CONTROL NUMBER
- control field: 80014
003 - CONTROL NUMBER IDENTIFIER
- control field: dpl
005 - DATE AND TIME OF LATEST TRANSACTION
- control field: 20250328144407.0
008 - FIXED-LENGTH DATA ELEMENTS
- fixed length control field: 250328|| aca||aabn | a|a d
040 ## - CATALOGING SOURCE
- Original cataloging agency: dpl
- Transcribing agency: dpl
100 ## - HEADING--PERSONAL NAME
- Personal name: Singh, Raj Pal
670 ## - SOURCE DATA FOUND
- Source citation: Work cat.: (dpl)210577: Singh, Raj Pal, Gender Sensitization;, 2019
